Insuring against terrorism (Record no. 68761)
[ view plain ]
| 000 -LEADER | |
|---|---|
| fixed length control field | 01382cam a2200253 4500 |
| 001 - CONTROL NUMBER | |
| control field | ABS64626 |
| 008 - FIXED-LENGTH DATA ELEMENTS--GENERAL INFORMATION | |
| fixed length control field | 011102n2001 000 0 eng u |
| 035 ## - SYSTEM CONTROL NUMBER | |
| System control number | (Sirsi) u115452 |
| 100 ## - MAIN ENTRY--PERSONAL NAME | |
| Personal name | Lewis, S. |
| 245 ## - TITLE STATEMENT | |
| Title | Insuring against terrorism |
| 260 ## - PUBLICATION, DISTRIBUTION, ETC. | |
| Date of publication, distribution, etc. | 2001 |
| 490 ## - SERIES STATEMENT | |
| Series statement | Building |
| Volume/sequential designation | 266(8207) 26 October 2001, 54-55(2) |
| 520 ## - SUMMARY, ETC. | |
| Summary, etc. | Considers how existing standard form contracts account for the threat of terrorism. Looks at the recently revised JCT standard form of contract which has amendments relating to insurance provisions and terrorist attacks. Highlights that the amended form has a number of exclusions to all-risks insurance that have not been amended, and argues that the phrases war, acts of a foreign enemy and hostilities should be clarified so as not to contradict the changes relating to terrorist attacks. Also outlines the approaches of GC/Works/1 and the ICE forms of contract to the threat of terrorism and concludes that the latter two contracts have a more balanced approach than JCT98. |
| 590 ## - LOCAL NOTE (RLIN) | |
| Local note | ABS |
| 650 ## - SUBJECT ADDED ENTRY--TOPICAL TERM | |
| Topical term or geographic name entry element | TERRORISM |
| 650 ## - SUBJECT ADDED ENTRY--TOPICAL TERM | |
| Topical term or geographic name entry element | ALLOCATION OF RISK |
| 650 ## - SUBJECT ADDED ENTRY--TOPICAL TERM | |
| Topical term or geographic name entry element | ICE FORMS OF CONTRACT |
| 650 ## - SUBJECT ADDED ENTRY--TOPICAL TERM | |
| Topical term or geographic name entry element | GC/WORKS/1 |
| 650 ## - SUBJECT ADDED ENTRY--TOPICAL TERM | |
| Topical term or geographic name entry element | JCT STANDARD FORM OF BUILDING CONTRACT (1998 EDITION) |
| 650 ## - SUBJECT ADDED ENTRY--TOPICAL TERM | |
| Topical term or geographic name entry element | STANDARD FORMS OF CONTRACT |
| 650 ## - SUBJECT ADDED ENTRY--TOPICAL TERM | |
| Topical term or geographic name entry element | INSURANCE PROVISIONS |
| 690 ## - LOCAL SUBJECT ADDED ENTRY--TOPICAL TERM (OCLC, RLIN) | |
| Topical term or geographic name as entry element | BUILT ENVIRONMENT-BUILDING CONTRACT FORMS |
| 942 ## - ADDED ENTRY ELEMENTS (KOHA) | |
| Suppress in OPAC | 0 |
| Withdrawn status | Lost status | Source of classification or shelving scheme | Damaged status | Not for loan | Home library | Current library | Shelving location | Date acquired | Total Checkouts | Full call number | Barcode | Date last seen | Copy number | Price effective from | Koha item type |
|---|---|---|---|---|---|---|---|---|---|---|---|---|---|---|---|
| Dewey Decimal Classification | London | London | Journal article | 02/11/2001 | ABS64626 | 115452-1001 | 06/08/2019 | 1 | 06/08/2019 | Journal article |